01092nam a2200205 a 450000100100000000500170001000800410002702000180006804000250008610000380011124502260014924600370037526000810041230000190049350400300051295201110054295201110065395201050076499900170086900003930920201002031605.0130621s2013 dr 000 0 spa d a9789945008111 aDO-SdBNPbspacBNPHU1 aPiña Martínez, Alfredo93625610aGuía turística del modelo universal de algunas garantías minimas a los derechos fundamentales del debido proceso en la moderna constitución de 2010 de la República Dominicana =bTourist guide due process of law.10aTourist guide due process of law aSan Francisco de Macorís, República Dominicana :bImprenta Primo,c2013. a98 p. ;c21cm. aBibliografía : p. 93-98 0010718DSaGRbGRcCTd2013-06-21iLF1l0o p39309-30r2020-06-25te. 3w2020-06-25yLFDSZNo se presta 0010718PDaPDbPDcCTd2013-06-21iLF1l0o p39309-10r2020-06-25te. 2w2020-06-25yLFPDZNo se presta 0010718PDaPDbPDcCTd2013-06-21iLF1l0o p39309-20r2020-06-25w2020-06-25yLFPDZNo se presta c38799d38799